000 00339nam a2200121Ia 4500
008 150202s9999 xx 000 0 und d
050 _aFIC
_bFIC
100 _aCunningham, Chet.
245 _aDead-start scramble /
_cChet Cunningham.
260 _aNew York :
_bScholastic Book,
_c1974.
300 _a84 pages :
_c18 cm.
650 _aFiction.
999 _c281978
_d281978